000
00352nam a2200145Ia 4500
008
151213s9999 xx 000 0 und d
100
_a
Walter Allen
245
_a
The English Novel
_c
Walter Allen
260
_a
London
_b
Penguing Books
_c
1958
300
_a
6527 p.
650
_a
Critics
650
_a
English
700
_a
Walter Allen
999
_c
3616
_d
3616